| 000 | 00867nam a2200265 i 4500 | ||
|---|---|---|---|
| 003 | DO-SdBNP | ||
| 005 | 20240506092425.0 | ||
| 006 | a||||ar|||| 00| 0 | ||
| 007 | ta | ||
| 008 | 240503e2022 dr a|||| |||| 00| 0 spa d | ||
| 020 | _a9789945180794 | ||
| 040 |
_aDO-SdBNP _bspa _cBNPHU _erda |
||
| 082 |
_222 _bR789c |
||
| 100 | 1 |
_aRosario, Fe María _918958 _eautora |
|
| 245 | 1 | 0 |
_aCarrusel del saber 2do. ciclo: _bnivel inicial, primario módulo B, lecto escritura / _cFe María Rosario. |
| 264 | 1 |
_a[no identificado] : _b[no identificado], _c2022 |
|
| 300 |
_a215 páginas : _bilustraciones ; _c28 cm. |
||
| 336 |
_2rdacontent _atexto _btxt |
||
| 337 |
_2rdamedia _asin mediación _bn |
||
| 338 |
_2rdacarrier _avolumen _bnc |
||
| 500 | _aEducación Inicial. | ||
| 500 | _a(5- 6 años) Preprimario Módulo B. | ||
| 590 | _aInventariado 2024 / MF | ||
| 942 |
_2ddc _cLBS1 |
||
| 999 |
_c56602 _d56602 |
||